Studying writing : linguistic approaches /

Bibliographic Details
Other Authors: Cooper, Charles Raymond, 1934-, Greenbaum, Sidney
Format: Book
Language:English
Published: Beverly Hills ; London : Sage Publications, [1986]
Series:Written communication annual ; v. 1.
Subjects:

MARC

Tag First Indicator Second Indicator Subfields
LEADER 00000cam a2200000 a 4500
001 in00000013121
005 20151007052329.0
008 860507s1986 caua b 00000 eng d
020 |a 0803923724 
035 |a (OCoLC)13537934 
035 |9 AAA7331AM 
040 |a EUE  |c EUE  |d EZN  |d m/c  |d WAU  |d TXA  |d UtOrBLW 
049 |a TXAM  |c [A11044250] 
050 4 |a P211  |b .S78 1986 
245 0 0 |a Studying writing :  |b linguistic approaches /  |c edited by Charles R. Cooper, Sidney Greenbaum. 
264 1 |a Beverly Hills ;  |a London :  |b Sage Publications,  |c [1986] 
264 4 |c ©1986 
300 |a 272 pages :  |b illustrations ;  |c 23 cm. 
336 |a text  |b txt  |2 rdacontent 
337 |a unmediated  |b n  |2 rdamedia 
338 |a volume  |b nc  |2 rdacarrier 
490 1 |a Written communication annual ;  |v v. 1 
504 |a Includes bibliographies. 
650 0 |a Written communication. 
650 0 |a Discourse analysis. 
700 1 |a Cooper, Charles Raymond,  |d 1934- 
700 1 |a Greenbaum, Sidney. 
830 0 |a Written communication annual ;  |v v. 1. 
999 |a MARS 
999 f f |s 24272191-79dd-3769-b76a-d1dcb4a4d897  |i 80a574da-189d-3d93-a38b-8e7a192bf719  |t 0 
952 f f |p ric  |a Texas A&M University  |b Rellis Campus  |c Joint Library Facility  |s JLF  |d Remote Storage  |t 0  |e P211 .S78 1986  |h Library of Congress classification  |i unmediated -- volume  |m A14811044250 
998 f f |a P211 .S78 1986  |t 0  |l Remote Storage